11 All-Time de l'Equipe de Croatie - Statistiques

Statistiques générales
  • Ce quiz a été pris 185 fois
  • Le résultat moyen est 8 sur 16
Statistiques - réponses
Poste Années Réponse % Correct
Milieu de terrain 2006- Luka Modric
99%
Ailier Droit 2011- Ivan Perisic
85%
Buteur 2007-2018 Mario Mandzukic
85%
Milieu de terrain 2007-2019 Ivan Rakitic
81%
Gardien 2009-2018 Danijel Subasic
79%
Buteur 1990-2002 Davor Suker
69%
Défenseur Gauche 2021- Josko Gvardiol
68%
Défenseur Central 2010-2024 Domagoj Vida
58%
Remplaçant (Gardien) 2017- Dominik Livakovic
50%
Remplaçant (Milieu Défensif) 2014-2024 Marcelo Brozovic
47%
Défenseur Central 2009-2023 Dejan Lovren
44%
Défenseur Droit 2011-2022 Sime Vrsaljko
23%
Sélectionneur 2017- Zlatko Dalic
21%
Remplaçant (Attaquant) 2002-2015 Ivica Olic
20%
Milieu de terrain 1991-1999 Zvonimir Boban
11%
Remplaçant (Défenseur) 1997-2006 Igor Tudor
5%
Aucun quiz correspondant
Distribution des résultats
% des personnes avec chaque résultat
Percentile par nombre de réponses
Votre historique - résultats
Vous n’avez pas pris ce quiz